Statystyki dla Gminy powiatu krakowskiego

Kliknij tutaj aby rozwiązać quiz!

Ogólne statystyki

  • Ten quiz został rozwiązany 155 razy
  • Średni wynik to 8 z 17

Statystyki odpowiedzi

Liczba ludności (tys.)Powierzchnia ( km²)Gmina% Poprawnych
43,235100,15Skawina
77%
22,79748,60Zielonki
64%
10,49874,30Skała
61%
32,296139,04Krzeszowice
60%
10,08751,27Michałowice
55%
25,72599,34Zabierzów
55%
13,677113,00Słomniki
51%
9,79220,17Świątniki Górne
49%
16,90472,03Liszki
48%
13 59843,55Mogilany
46%
11,87748,30Wielka Wieś
46%
16,02081,80Kocmyrzów-Luborzyca
44%
10,84668,39Jerzmanowice-Przeginia
40%
14 70483,80Czernichów
34%
7,70262,59Igołomia-Wawrzeńczyce
33%
9,21570,62Iwanowice
32%
5,88653,38Sułoszowa
25%

Rozkład punktacji

Percentyl według liczby udzielonych odpowiedzi

Procent ludzi z każdym wynikiem

Twoja historia wyników

Nie rozwiązałeś tego quizu